Квиз о Молдавији - Statistics

General Stats
  • This quiz has been taken 105 times
  • The average score is 9 of 14
Answer Stats
Опис Одговор % Correct
Државе са којима се граничи Румунија
100%
Државе са којима се граничи Украјина
100%
Главни град Кишињев
91%
Држава од које је добила независност 1991. Совјетски Савез
88%
93% становништва су верници ове гране хришћанства Православље
86%
Званичан језик Румунски (Молдавски)
85%
Молдавија нема излаз на море, али се налази на удаљености од око 50 км од овог мора Црно море
85%
Молдавија је _____ држава у Европи Најсиромашнија
53%
У Молдавији се ____ прави хиљадама година. Данас је осми највећи произвођач по глави становника у свету. Вино
52%
Валута Молдавије Леј
46%
Река која тече у близини источне границе Дњестар
45%
Главни град те републике, технички гледано други највећи град у Молдавији Тираспољ
41%
Непризната република смештена између реке изнад и границе Придњестровље
35%
Историјска област која покрива скоро целу територију Молдавије Бесарабија
22%
No matching quizzes found
Score Distribution
Percent of People with Each Score
Percentile by Number Answered
Your Score History
You have not taken this quiz